Silent witness (Record no. 65047)
[ view plain ]
| 000 -LEADER | |
|---|---|
| fixed length control field | 01070cam a2200229 4500 |
| 001 - CONTROL NUMBER | |
| control field | ABS63059 |
| 008 - FIXED-LENGTH DATA ELEMENTS--GENERAL INFORMATION | |
| fixed length control field | 000000n2000 000 0 eng u |
| 035 ## - SYSTEM CONTROL NUMBER | |
| System control number | (Sirsi) u108939 |
| 100 ## - MAIN ENTRY--PERSONAL NAME | |
| Personal name | Edwards |
| -- | . |
| 245 ## - TITLE STATEMENT | |
| Title | Silent witness |
| 260 ## - PUBLICATION, DISTRIBUTION, ETC. | |
| Date of publication, distribution, etc. | 2000 |
| 490 ## - SERIES STATEMENT | |
| Series statement | Solicitors' Journal |
| Volume/sequential designation | (Supplement) 4 August 2000, 22-23(2) |
| 520 ## - SUMMARY, ETC. | |
| Summary, etc. | The Millennium Mapping Company is to make available new seamless, digital vertical imagery of the entire UK via the internet. Their digital survey will be repeated every five years. Considers the benefits and impact this is likely to have. Also discusses the recently published NAPLIB Directory of Aerial Photographic Collections in the United Kingdom, which lists the wide range of sources and libraries in which such material can be found. |
| 590 ## - LOCAL NOTE (RLIN) | |
| Local note | ABS |
| 650 ## - SUBJECT ADDED ENTRY--TOPICAL TERM | |
| Topical term or geographic name entry element | AERIAL PHOTOGRAPHY |
| 650 ## - SUBJECT ADDED ENTRY--TOPICAL TERM | |
| Topical term or geographic name entry element | NAPLIB DIRECTORY OF AERIAL PHOTOGRAPHIC COLLECTIONS IN THE UNITED KINGDOM |
| 650 ## - SUBJECT ADDED ENTRY--TOPICAL TERM | |
| Topical term or geographic name entry element | DIGITAL |
| 650 ## - SUBJECT ADDED ENTRY--TOPICAL TERM | |
| Topical term or geographic name entry element | SURVEYS |
| 650 ## - SUBJECT ADDED ENTRY--TOPICAL TERM | |
| Topical term or geographic name entry element | MILLENNIUM MAPPING COMPANY |
| 690 ## - LOCAL SUBJECT ADDED ENTRY--TOPICAL TERM (OCLC, RLIN) | |
| Topical term or geographic name as entry element | MAPPING AND MEASUREMENT |
| 942 ## - ADDED ENTRY ELEMENTS (KOHA) | |
| Suppress in OPAC | 0 |
| Withdrawn status | Lost status | Source of classification or shelving scheme | Damaged status | Not for loan | Home library | Current library | Shelving location | Date acquired | Total Checkouts | Barcode | Date last seen | Copy number | Price effective from | Koha item type |
|---|---|---|---|---|---|---|---|---|---|---|---|---|---|---|
| Dewey Decimal Classification | London | London | Journal article | 24/10/2000 | 108939-1001 | 06/08/2019 | 1 | 06/08/2019 | Journal article |